| 000 | 00810nam a2200229Ia 4500 | ||
|---|---|---|---|
| 001 | dia_2326 | ||
| 003 | CHAP | ||
| 005 | 20251021145305.0 | ||
| 008 | 220117s1953 xx 000 0 und d | ||
| 010 | _a172848 | ||
| 040 | _cCHAP | ||
| 082 | _a658 R37 | ||
| 100 |
_aRautenstrauch, Walter _994760 |
||
| 245 |
_aEconomía de las Empresas Industriales / _c por Walter Rautenstrauch y Raymond Villers |
||
| 260 |
_aMéxico : _b Fondo de Cultura Económica, _c1953 |
||
| 300 | _a510 p. | ||
| 600 |
_a1.Administración/ 2.Industrias-administración/ 3.Industrias-organización, control, etc./ 4.Fábricas-dirección/ 5.Economía del trabajo. I.Villers, Raymond.II. _9152585 |
||
| 901 | _a658 R37 | ||
| 902 | _aM | ||
| 905 | _a0000001953 MEXX 0000000000ESP00 | ||
| 942 |
_cLIBRO _2ddc |
||
| 999 |
_c172848 _d172848 |
||